000 004600000a22001810004500
003 MACL
005 20160119162350.0
008 160119b xxu||||| |||| 00| 0 eng d
040 _aMACL
_cMACL
041 _aEnglish
082 _a006.78/SIN
100 _aSingh, Singh
_933330
245 _aComputer Trouble Shooting
260 _bAsian Publishers
_c1999
_aNew Delhi
350 _a112.50
650 _aSpecial Computer
_921499
942 _cBK
_k006.78/ Sin
_2ddc
999 _c31124
_d31124